[Event "Muensterland Verbandsklasse 1415"]
[Site "Germany"]
[Date "2014.10.04"]
[Round "2.5"]
[White "Suer, Julian"]
[Black "Keller, Hansjuergen"]
[Result "1-0"]
[WhiteElo "1705"]
[BlackElo "1541"]
[PlyCount "41"]
[EventDate "2014.09.13"]
[EventType "team-tourn"]
[EventRounds "9"]
[EventCountry "GER"]
[SourceTitle "EXT 2016"]
[Source "ChessBase"]
[SourceDate "2015.10.08"]
[SourceVersion "1"]
[SourceVersionDate "2015.10.08"]
[SourceQuality "1"]
[WhiteTeam "Raesfeld Erle II"]
[BlackTeam "Nordwalde"]
[WhiteTeamCountry "GER"]
[BlackTeamCountry "GER"]

1. e4 d5 2. d4 dxe4 3. f3 exf3 4. Nxf3 Bg4 5. Nc3 e6 6. Be2 Nf6 7. Bg5 Be7 8. Qd2 Bxf3 9. Bxf3 c6 10. 0-0 0-0 11. Ne2 Nbd7 12. c3 Nb6 13. Ng3 Nfd5 14. Bxe7 Qxe7 15. b3 Nf6 16. Rae1 Qd7 17. Bd1 c5 18. Rxf6 gxf6 19. Nh5 Kh8 20. Qh6 Rg8 21. Qxf6+ 1-0